| 000 | 00330nam a22001217a 4500 | ||
|---|---|---|---|
| 999 |
_c16938 _d16938 |
||
| 008 | 180709b xxu||||| |||| 00| 0 eng d | ||
| 100 | _aChakravarti, B. K. | ||
| 245 |
_aHotel Accomodation _cB.K. Chakravarti |
||
| 260 |
_aNew Dheli _bA.P.H. Publishing _c2011 |
||
| 300 | _a247p. | ||
| 650 | _aHotel Management | ||
| 942 |
_2lcc _cBK |
||